[Event "Roskilde 100 aars Jubilaeum 2008"]
[Site "Roskilde"]
[Date "2008.10.11"]
[Round "1"]
[White "Lauridsen, Jesper Morch"]
[Black "Christensen, Casper"]
[Result "1/2-1/2"]
[WhiteElo "2279"]
[BlackElo "1678"]
[PlyCount "157"]
[EventDate "2008.??.??"]


1. e4 d6 2. d4 Nf6 3. Nc3 g6 4. g3 Bg7 5. Bg2 Bg4 6. f3 Bd7 7. e5 dxe5 8. dxe5
Ng8 9. f4 Qc8 10. Nf3 Nc6 11. O-O Bh3 12. Be3 Nh6 13. Qe2 O-O 14. Rad1 Bxg2 15.
Qxg2 Ng4 16. Bc1 Nh6 17. Rfe1 Rd8 18. Rxd8+ Nxd8 19. Nd5 Bf8 20. Rd1 c6 21. Ne3
Ng4 22. Rxd8 Qxd8 23. Nxg4 Qd1+ 24. Qf1 Qxc2 25. Ne3 Qa4 26. Qc4 Qa5 27. e6 f6
28. b4 Qb6 29. Kg2 a5 30. bxa5 Rxa5 31. Bd2 Ra6 32. a4 c5 33. a5 Qxe6 34. Qxc5
Kg7 35. f5 Qd7 36. Nd4 g5 37. Bc3 Ra8 38. Ne6+ Kg8 39. Nd5 Rc8 40. Qd4 Qc6 41.
Qe4 Qd6 42. Bb4 Qd7 43. Nc5 Qc6 44. Qe6+ Qxe6 45. fxe6 Rc6 46. Nxb7 Rxe6 47.
Nb6 Re2+ 48. Kf3 Ra2 49. Ke4 e6 50. Bxf8 Kxf8 51. h4 gxh4 52. gxh4 Ke7 53. Kd4
f5 54. h5 h6 55. Nc4 f4 56. Ne5 Kf6 57. Nf3 Kf5 58. Nd6+ Kg4 59. Ne5+ Kxh5 60.
Ke4 Ra4+ 61. Kf3 Kg5 62. Nef7+ Kg6 63. Ne5+ Kf6 64. Ng4+ Ke7 65. Ne4 h5 66. Ne5
Rxa5 67. Nc6+ Kf7 68. Nxa5 e5 69. Nc4 Ke6 70. Nf2 Kd5 71. Nd2 Kd4 72. Nde4 h4
73. Kg4 Ke3 74. Kxh4 Kf3 75. Kg5 Ke3 76. Kf5 Kd4 77. Ng4 f3 78. Nef2 e4 79.
Nxe4 1/2-1/2

[Event "Roskilde 100 aars Jubilaeum 2008"]
[Site "Roskilde"]
[Date "2008.10.11"]
[Round "1"]
[White "Jorgensen, Orla Eilegaard"]
[Black "Hestehauge, Klaus"]
[Result "0-1"]
[WhiteElo "1327"]
[BlackElo "1889"]
[PlyCount "114"]
[EventDate "2008.??.??"]


1. f4 d5 2. Nf3 c5 3. e3 Nf6 4. b3 e6 5. Bb2 Be7 6. d3 Nc6 7. Nbd2 O-O 8. Ne5
Nd7 9. Nxc6 bxc6 10. Nf3 Bf6 11. Ne5 Bxe5 12. fxe5 Qg5 13. Qe2 Nxe5 14. g3 f6
15. Bg2 Qg4 16. Bxe5 Qxe2+ 17. Kxe2 fxe5 18. c4 Bd7 19. Rhf1 Rxf1 20. Rxf1 Rf8
21. Rxf8+ Kxf8 22. Kf3 Kf7 23. g4 Kf6 24. h3 Be8 25. Kg3 e4 26. dxe4 dxc4 27.
bxc4 Ke5 28. Kf2 Bg6 29. Ke2 Bxe4 30. Bf1 g5 31. Kf2 h6 32. Ke2 Kd6 33. Kd2 Kc7
34. Kc3 Kb6 35. Kb3 Ka5 36. Ka3 Bf3 37. Kb3 h5 38. gxh5 Bxh5 39. Bg2 Kb6 40.
Bf1 Kc7 41. Kc3 Bf3 42. Kd3 Kd6 43. Be2 Bg2 44. Bg4 Ke5 45. Ke2 Be4 46. Bf3 Bf5
47. Bg2 Bb1 48. a3 Be4 49. Bf3 a5 50. Bg4 Bf5 51. Bxf5 exf5 52. a4 Ke4 53. Kf2
Kd3 54. Kf3 Kxc4 55. e4 fxe4+ 56. Kxe4 Kb4 57. Kf5 c4 0-1

[Event "Roskilde 100 aars Jubilaeum 2008"]
[Site "Roskilde"]
[Date "2008.10.11"]
[Round "1"]
[White "Seirup, Simon"]
[Black "Andersen, Daniel"]
[Result "0-1"]
[WhiteElo "1226"]
[BlackElo "1806"]
[PlyCount "176"]
[EventDate "2008.??.??"]


1. e4 e6 2. d4 d5 3. exd5 Qxd5 4. Nc3 Bb4 5. Nf3 Nf6 6. Bd2 Bxc3 7. Bxc3 O-O 8.
Bd3 Ne4 9. Bxe4 Qxe4+ 10. Qe2 Qd5 11. Qe5 Nc6 12. Qxd5 exd5 13. O-O Bf5 14.
Rac1 f6 15. Nh4 Bg6 16. Nxg6 hxg6 17. Rfe1 Kf7 18. Kf1 b5 19. b3 Rfe8 20. Rxe8
Kxe8 21. Rd1 a5 22. Bb2 a4 23. a3 axb3 24. cxb3 Kd7 25. Rd3 Re8 26. b4 Ra8 27.
Rh3 Ne7 28. Rc3 Nf5 29. Rc5 c6 30. Rc2 Nd6 31. Rc3 Nc4 32. Bc1 Rh8 33. Rh3 Rxh3
34. gxh3 Ke6 35. Kg2 Kf5 36. f3 g5 37. Kg3 Nd6 38. h4 Kg6 39. hxg5 fxg5 40. Kg4
Nf5 41. Bxg5 Nxd4 42. h4 Ne6 43. h5+ Kf7 44. Bc1 Kf6 45. f4 Nf8 46. Bb2+ Kf7
47. Kf5 Ne6 48. Ke5 Ke7 49. f5 Nf8 50. Bc1 Nd7+ 51. Kf4 Nf6 52. Kg5 Kf7 53. h6
gxh6+ 54. Kxh6 Ne4 55. Bb2 Nd2 56. Kg5 Nc4 57. Bc1 d4 58. Kf4 d3 59. Ke4 d2 60.
Bxd2 Nxd2+ 61. Kd4 Nb1 62. Kc5 Nxa3 63. Kxc6 Kf6 64. Kd6 Kxf5 65. Kd5 Kf4 66.
Kd4 Kf3 67. Kd3 Nc4 68. Kd4 Ke2 69. Ke4 Kd2 70. Kd4 Kc2 71. Kc5 Na3 72. Kd4 Kb3
73. Kd3 Kxb4 74. Kd2 Kb3 75. Kd3 b4 76. Kd2 Ka2 77. Kc1 b3 78. Kd2 b2 79. Kd1
b1=Q+ 80. Kd2 Qb3 81. Ke1 Qc3+ 82. Kf2 Qd3 83. Kg2 Qe3 84. Kh2 Qf3 85. Kg1 Qe2
86. Kh1 Nc2 87. Kg1 Ne3 88. Kh1 Qg2# 0-1

[Event "Roskilde 100 aars Jubilaeum 2008"]
[Site "Roskilde"]
[Date "2008.10.11"]
[Round "1"]
[White "Brekka, Hanus"]
[Black "Jensen, Soren2"]
[Result "0-1"]
[WhiteElo "2019"]
[BlackElo "1603"]
[PlyCount "134"]
[EventDate "2008.??.??"]


1. e4 c6 2. Nf3 d5 3. e5 Bg4 4. d4 e6 5. c3 c5 6. Bb5+ Nc6 7. O-O a6 8. Bxc6+
bxc6 9. dxc5 Bxc5 10. Qa4 Ne7 11. Qxg4 O-O 12. b4 Bb6 13. Bg5 Qc7 14. Bxe7 Qxe7
15. Nbd2 Rfc8 16. Nb3 a5 17. bxa5 Bxa5 18. Nxa5 Rxa5 19. Qb4 Qa7 20. a4 c5 21.
Qa3 Ra8 22. Rfb1 g6 23. h3 Rxa4 24. Qxa4 Qxa4 25. Rxa4 Rxa4 26. Kf1 Ra2 27. Rc1
Kg7 28. Ne1 g5 29. Rc2 Ra4 30. Nd3 c4 31. Nc1 Ra3 32. Ke2 Kg6 33. Ke3 Kf5 34.
Kd4 Ra1 35. g3 h5 36. Na2 Rd1+ 37. Kc5 Kxe5 38. Re2+ Kf5 39. Kd6 Rh1 40. Nb4
Rxh3 41. Nc2 h4 42. Ne3+ Kg6 43. gxh4 Rxh4 44. Re1 Rf4 45. Rf1 Rf3 46. Ke5 Kh5
47. Rh1+ Kg6 48. Rh2 Rf4 49. Rg2 Re4+ 50. Kd6 f5 51. Nc2 g4 52. Rg3 Kg5 53. Nd4
Kf6 54. Rg1 e5 55. Nc6 d4 56. Nb4 d3 57. Nd5+ Kg5 58. Ne3 Kf4 59. Nd1 d2 60.
Ne3 Kf3 61. Rd1 Ke2 62. Rxd2+ Kxd2 63. Nxf5 Kxc3 64. Kd5 Re2 65. Nd6 Rd2+ 66.
Kxe5 Rxd6 67. Kxd6 Kd4 0-1

[Event "Roskilde 100 aars Jubilaeum 2008"]
[Site "Roskilde"]
[Date "2008.10.11"]
[Round "1"]
[White "Zachariassen, John"]
[Black "Zmylon, Frederik Nielsen"]
[Result "1-0"]
[WhiteElo "1895"]
[BlackElo "1367"]
[PlyCount "56"]
[EventDate "2008.??.??"]


1. c4 e5 2. g3 f5 3. Bg2 c6 4. Nf3 d6 5. Nc3 Nf6 6. O-O Be7 7. d3 O-O 8. b4 Qe8
9. a4 a6 10. a5 Qh5 11. Na4 Nbd7 12. h3 Rb8 13. Ng5 b5 14. axb6 Nxb6 15. Bf3
Ng4 16. hxg4 fxg4 17. Bxc6 Bxg5 18. Nc3 Bxc1 19. Qxc1 Rf6 20. Bg2 Rh6 21. f3
gxf3 22. exf3 Bh3 23. Qd2 Rf8 24. Ne4 Bg4 25. Kf2 Bxf3 26. Ke1 Bxe4 27. Rxf8+
Kxf8 28. dxe4 Qg4 1-0

[Event "Roskilde 100 aars Jubilaeum 2008"]
[Site "Roskilde"]
[Date "2008.10.11"]
[Round "1"]
[White "Petrovski, Petruli"]
[Black "Jorgensen, Brian Jorgen"]
[Result "0-1"]
[WhiteElo "1645"]
[BlackElo "2210"]
[PlyCount "100"]
[EventDate "2008.??.??"]


1. e4 e6 2. d4 d5 3. Nd2 Be7 4. Ngf3 Nf6 5. e5 Nfd7 6. Bd3 c5 7. c3 Nc6 8. Bb5
g5 9. h3 Qc7 10. Bxc6 bxc6 11. Nf1 h6 12. Ng3 Ba6 13. Ne2 cxd4 14. cxd4 Qa5+
15. Bd2 Qb5 16. Bc3 Rb8 17. a4 Qc4 18. Nd2 Qd3 19. Nf3 Qe4 20. Qd2 Nb6 21. Qe3
Qxe3 22. fxe3 Nc4 23. Rb1 Nxe3 24. Kf2 Nxg2 25. Kxg2 Bxe2 26. Nd2 Bb4 27. Kf2
Bd3 28. Rbc1 Kd7 29. Ke3 Bf5 30. Bxb4 Rxb4 31. b3 Rc8 32. Rc5 Rb7 33. Rf1 Ke7
34. h4 gxh4 35. Rf4 h3 36. Rh4 Kf8 37. Rxh6 Kg7 38. Rh4 Rb6 39. Rc1 Rh8 40.
Rg1+ Bg6 41. Rxh8 Kxh8 42. Rg3 Bf5 43. Rg5 Kh7 44. Kf4 Rb4 45. Nf3 Rxb3 46. Rg3
Kh6 47. a5 Ra3 48. a6 h2 49. Nxh2 Rxg3 50. Kxg3 Bd3 0-1

[Event "Roskilde 100 aars Jubilaeum 2008"]
[Site "Roskilde"]
[Date "2008.10.11"]
[Round "1"]
[White "Nielsen, Kurt Sogaard"]
[Black "Madsen, Poul Henrik"]
[Result "0-1"]
[WhiteElo "1612"]
[BlackElo "2039"]
[PlyCount "78"]
[EventDate "2008.??.??"]


1. d4 Nf6 2. c4 g6 3. Nc3 Bg7 4. e4 d6 5. Be2 O-O 6. Nf3 e5 7. d5 c5 8. Bg5 h6
9. Be3 Ng4 10. Qd2 f5 11. h3 Nxe3 12. Qxe3 Nd7 13. exf5 gxf5 14. O-O Nf6 15.
Ne1 Qe8 16. f4 e4 17. Kh2 Bd7 18. Nc2 Kh8 19. Rab1 a5 20. Na3 Rg8 21. Rg1 h5
22. Nab5 Qe7 23. Kh1 Bh6 24. Qf2 Rg7 25. Rbe1 Rag8 26. Qh4 Rh7 27. Qf2 Bf8 28.
Na3 Qg7 29. Nc2 h4 30. Ne3 Qf7 31. Nb5 Ne8 32. Kh2 Bg7 33. Bd1 Bxb5 34. cxb5
Bd4 35. Bb3 Rg3 36. Qd2 Rhg7 37. Re2 Qg6 38. Bc4 Rxh3+ 39. gxh3 Qxg1# 0-1

[Event "Roskilde 100 aars Jubilaeum 2008"]
[Site "Roskilde"]
[Date "2008.10.11"]
[Round "1"]
[White "Hein, Jacob"]
[Black "Rasmussen, Henning"]
[Result "0-1"]
[WhiteElo "1456"]
[BlackElo "1918"]
[PlyCount "124"]
[EventDate "2008.??.??"]


1. d4 Nf6 2. Nf3 d5 3. g3 e6 4. Bg2 c5 5. c3 Nc6 6. O-O cxd4 7. cxd4 Be7 8. Nc3
O-O 9. a3 b6 10. b3 Bb7 11. Bb2 Rc8 12. Rc1 Bd6 13. e3 a6 14. Rc2 b5 15. b4 Qb6
16. Qd3 Bxb4 17. Na2 Be7 18. Rfc1 Na7 19. Qb3 Rxc2 20. Rxc2 Rc8 21. Rxc8+ Nxc8
22. a4 bxa4 23. Qxb6 Nxb6 24. Ne5 Nfd7 25. Nd3 Nc4 26. Bc3 a5 27. Nb2 Nxb2 28.
Bxb2 Bb4 29. Bf1 Bc6 30. Bd3 Nb6 31. Bc3 Bxc3 32. Nxc3 a3 33. Bb1 Na4 34. Na2
Bb5 35. f3 Bc4 36. Kf2 Bxa2 37. Bxa2 Nc3 38. Bb3 a2 39. Bxa2 Nxa2 40. Ke2 Kf8
41. Kd2 Ke7 42. Kc2 Kd6 43. Kb3 Nb4 44. Ka4 Nc6 45. Kb5 e5 46. dxe5+ Nxe5 47.
f4 Nc6 48. h3 d4 49. exd4 Nxd4+ 50. Kxa5 Ne2 51. Kb4 Kd5 52. Kb3 Nxg3 53. Kc3
Ke4 54. f5 Nxf5 55. Kd2 Kf3 56. Ke1 Ne3 57. h4 g6 58. Kd2 h6 59. Ke1 g5 60.
hxg5 hxg5 61. Kd2 g4 62. Ke1 g3 0-1

[Event "Roskilde 100 aars Jubilaeum 2008"]
[Site "Roskilde"]
[Date "2008.10.11"]
[Round "1"]
[White "Christensen, Svend Ellegaard"]
[Black "Jensen, Jan Kargaard"]
[Result "1-0"]
[WhiteElo "2172"]
[BlackElo "1624"]
[PlyCount "41"]
[EventDate "2008.??.??"]


1. d4 Nf6 2. Nf3 e6 3. g3 b6 4. Bg2 Bb7 5. O-O Be7 6. c4 O-O 7. Nc3 d6 8. Qc2
c5 9. dxc5 dxc5 10. Rd1 Qc8 11. Bf4 a6 12. a3 Bc6 13. Bd6 Qb7 14. b4 cxb4 15.
axb4 Bxd6 16. Rxd6 Ne4 17. Rxc6 Nxc3 18. Ng5 Nxe2+ 19. Kf1 Nxg3+ 20. hxg3 g6
21. Rxe6 1-0

[Event "Roskilde 100 aars Jubilaeum 2008"]
[Site "Roskilde"]
[Date "2008.10.11"]
[Round "1"]
[White "Wadtland, Flemming"]
[Black "Marshall, Michael"]
[Result "0-1"]
[WhiteElo "1137"]
[BlackElo "1765"]
[PlyCount "56"]
[EventDate "2008.??.??"]


1. f4 d5 2. Nf3 Nf6 3. d3 c6 4. b3 Qc7 5. e3 Bg4 6. Be2 e6 7. Bb2 Nbd7 8. Qd2
Bd6 9. Na3 a5 10. O-O b5 11. c3 O-O 12. Nc2 e5 13. fxe5 Nxe5 14. Ncd4 Nxf3+ 15.
Nxf3 Bxf3 16. Rxf3 Bxh2+ 17. Kf1 Be5 18. Qe1 Nh5 19. Qh4 Ng3+ 20. Ke1 Nxe2 21.
Kxe2 Rae8 22. Rh1 h6 23. Qg4 Qc8 24. Qh5 Qe6 25. d4 Bf4 26. Bc1 Qe4 27. Rxf4
Qxf4 28. Rf1 Qe4 0-1

[Event "Roskilde 100 aars Jubilaeum 2008"]
[Site "Roskilde"]
[Date "2008.10.11"]
[Round "1"]
[White "Schandorff, Lars"]
[Black "Christensen, Christoffer Ellegaa"]
[Result "1-0"]
[WhiteElo "2520"]
[BlackElo "1759"]
[PlyCount "73"]
[EventDate "2008.??.??"]


1. d4 e6 2. c4 d5 3. Nc3 Nf6 4. cxd5 exd5 5. Bg5 Nbd7 6. e3 c6 7. Bd3 Qa5 8.
Qc2 Bb4 9. Nge2 O-O 10. O-O Bxc3 11. Nxc3 Qc7 12. f3 c5 13. Nb5 Qc6 14. Bxf6 c4
15. Bxh7+ Kh8 16. Bxg7+ Kxg7 17. Nc3 Qh6 18. Bf5 Qxe3+ 19. Qf2 Qxf2+ 20. Rxf2
Nf6 21. Bxc8 Raxc8 22. Re1 Rfe8 23. Rfe2 a6 24. Rxe8 Rxe8 25. Rxe8 Nxe8 26.
Nxd5 b5 27. Kf2 a5 28. a3 Nd6 29. g4 f6 30. h4 Kf7 31. Ke3 Ke6 32. Nf4+ Kf7 33.
d5 b4 34. axb4 c3 35. bxc3 a4 36. Kd3 a3 37. Kc2 1-0

[Event "Roskilde 100 aars Jubilaeum 2008"]
[Site "Roskilde"]
[Date "2008.10.11"]
[Round "1"]
[White "Larsen, Arne Walther"]
[Black "Hoi, Carsten"]
[Result "0-1"]
[WhiteElo "1703"]
[BlackElo "2382"]
[PlyCount "56"]
[EventDate "2008.??.??"]


1. d4 Nf6 2. c4 c5 3. Nf3 g6 4. g3 Bg7 5. Bg2 O-O 6. O-O cxd4 7. Nxd4 Nc6 8.
Nc2 d6 9. Nc3 Qa5 10. Bd2 Qh5 11. Ne3 Bh3 12. Re1 Bxg2 13. Kxg2 e6 14. Rc1 d5
15. cxd5 exd5 16. Nf1 d4 17. Na4 Qd5+ 18. Kg1 Qxa2 19. b3 Qa3 20. Nc5 b6 21.
Nd3 Qd6 22. b4 Nd5 23. b5 Ne5 24. Nxe5 Qxe5 25. Qb3 Nc3 26. Bxc3 dxc3 27. Ne3
Rfd8 28. Nc4 Qe6 0-1

[Event "Roskilde 100 aars Jubilaeum 2008"]
[Site "Roskilde"]
[Date "2008.10.11"]
[Round "1"]
[White "Sorensen, Dick"]
[Black "Meldal, Peter"]
[Result "1-0"]
[WhiteElo "1851"]
[BlackElo "1236"]
[PlyCount "71"]
[EventDate "2008.??.??"]


1. e4 e6 2. d4 d5 3. exd5 exd5 4. Bd3 Nf6 5. Ne2 Bb4+ 6. c3 Bd6 7. Bg5 h6 8.
Bh4 O-O 9. Nd2 Re8 10. Qc2 g5 11. Bg3 c5 12. dxc5 Bxc5 13. O-O-O Bg4 14. f3 Be6
15. Kb1 Nc6 16. h4 g4 17. h5 d4 18. Bh4 Kg7 19. Ne4 Be7 20. Nf4 Bf5 21. Bxf6+
Bxf6 22. Nxf6 Bxd3 23. Nxe8+ Qxe8 24. Nxd3 Rc8 25. fxg4 dxc3 26. Qxc3+ Kg8 27.
Rhe1 Qd7 28. Ne5 Qe6 29. Nxc6 Qxc6 30. Qxc6 bxc6 31. Rd7 a5 32. Ree7 Rf8 33.
Rc7 f5 34. Rg7+ Kh8 35. Rh7+ Kg8 36. Rcg7# 1-0

[Event "Roskilde 100 aars Jubilaeum 2008"]
[Site "Roskilde"]
[Date "2008.10.11"]
[Round "1"]
[White "Lavrsen, Frands Winther"]
[Black "Jorgensen, Alexander Torp"]
[Result "1-0"]
[WhiteElo "1762"]
[BlackElo "1002"]
[PlyCount "61"]
[EventDate "2008.??.??"]


1. e4 e5 2. Bc4 Nf6 3. d3 Bc5 4. Nf3 d6 5. O-O O-O 6. Nbd2 Nc6 7. c3 Be6 8.
Bxe6 fxe6 9. Qb3 Qd7 10. Qxb7 Ne7 11. Qa6 d5 12. Nxe5 Qe8 13. Qxe6+ Kh8 14.
exd5 Qh5 15. Ndf3 Bd6 16. d4 Nexd5 17. Ng5 Bxe5 18. Qxe5 Ng4 19. Qg3 Rf5 20. h3
Rxg5 21. Bxg5 Qxg5 22. hxg4 Nf6 23. Rae1 Nxg4 24. f3 h5 25. fxg4 hxg4 26. Re5
Qg6 27. Qh4+ Kg8 28. Rh5 Qxh5 29. Qxh5 g3 30. Rf4 a5 31. Qf7+ 1-0

[Event "Roskilde 100 aars Jubilaeum 2008"]
[Site "Roskilde"]
[Date "2008.10.11"]
[Round "1"]
[White "Bromann, Thorbjrn"]
[Black "Christensen, Simon Ellegaard"]
[Result "1-0"]
[WhiteElo "2416"]
[BlackElo "1720"]
[PlyCount "83"]
[EventDate "2008.??.??"]


1. c4 Nf6 2. g3 g6 3. Bg2 Bg7 4. Nc3 c5 5. a3 Nc6 6. Rb1 Rb8 7. b4 cxb4 8. axb4
b6 9. d4 Bb7 10. e4 e5 11. d5 Ne7 12. Nf3 d6 13. Qa4+ Qd7 14. Qxa7 O-O 15. O-O
Nh5 16. Qa4 Qxa4 17. Nxa4 Ba6 18. b5 Bc8 19. Be3 f5 20. Bxb6 fxe4 21. Ng5 Bh6
22. Nxe4 Bf5 23. Bc7 Ra8 24. Nb6 Ra7 25. Bxd6 Re8 26. Ra1 Rb7 27. Bxe7 Rexe7
28. d6 Re8 29. Nf6+ Nxf6 30. Bxb7 Bf8 31. c5 Ne4 32. d7 Rd8 33. Bd5+ Kg7 34.
Bxe4 Bxe4 35. c6 Bd6 36. Nc4 Bc7 37. Ra7 Bb8 38. Ra8 Bd3 39. Rxb8 Rxb8 40. c7
Rxb5 41. d8=Q Bxf1 42. c8=Q 1-0

[Event "Roskilde 100 aars Jubilaeum 2008"]
[Site "Roskilde"]
[Date "2008.10.11"]
[Round "1"]
[White "Sorensen, Lindved"]
[Black "Eriksson, Christian Altenburg"]
[Result "0-1"]
[WhiteElo "1592"]
[BlackElo "1997"]
[PlyCount "52"]
[EventDate "2008.??.??"]


1. Nf3 c5 2. c4 g6 3. b3 Bg7 4. Nc3 Nc6 5. Bb2 Nf6 6. g3 O-O 7. Bg2 e5 8. d3 d6
9. O-O h6 10. Nd2 Kh7 11. Nd5 Nxd5 12. cxd5 Ne7 13. f4 Nf5 14. Nc4 b5 15. e4
Nd4 16. Bxd4 bxc4 17. Bc3 cxd3 18. fxe5 Ba6 19. Qd2 dxe5 20. Rf3 Qb6 21. Ba5
Qb5 22. Bf1 c4 23. bxc4 Qxc4 24. Kg2 Qxe4 25. Bxd3 Bxd3 26. Re1 Qxd5 0-1

[Event "Roskilde 100 aars Jubilaeum 2008"]
[Site "Roskilde"]
[Date "2008.10.11"]
[Round "1"]
[White "Schmidt, Horst Hubert"]
[Black "Kristensen, Steffen Michael"]
[Result "1-0"]
[WhiteElo "1778"]
[BlackElo "1195"]
[PlyCount "49"]
[EventDate "2008.??.??"]


1. e4 d5 2. exd5 Qxd5 3. d4 Bf5 4. Nf3 Qe4+ 5. Be2 Qxc2 6. O-O Qxd1 7. Rxd1 e6
8. Nc3 Nf6 9. Bf4 c6 10. Ne5 Nbd7 11. Nc4 b5 12. Na5 Rc8 13. Rac1 a6 14. Bf3
Bg4 15. Bxg4 Nxg4 16. Ne4 e5 17. dxe5 Ngxe5 18. Bxe5 Nxe5 19. f4 Nd7 20. Nb7
Rc7 21. Nbd6+ Bxd6 22. Nxd6+ Ke7 23. Rc2 Kf6 24. Re2 a5 25. Ne8+ 1-0

[Event "Roskilde 100 aars Jubilaeum 2008"]
[Site "Roskilde"]
[Date "2008.10.11"]
[Round "1"]
[White "Hansen, Lars Henrik Bech"]
[Black "Jorgensen, Morten"]
[Result "1-0"]
[WhiteElo "1988"]
[BlackElo "1491"]
[PlyCount "37"]
[EventDate "2008.??.??"]


1. e4 c5 2. Nf3 d6 3. d4 cxd4 4. Nxd4 Nf6 5. Nc3 Nc6 6. Be2 g6 7. O-O Bg7 8.
Be3 O-O 9. Kh1 a6 10. a4 Qc7 11. g4 Ne5 12. f3 Nc4 13. Bxc4 Qxc4 14. g5 Nh5 15.
Nd5 Bxd4 16. Nxe7+ Kh8 17. Bxd4+ f6 18. gxf6 Nxf6 19. Nd5 1-0

[Event "Roskilde 100 aars Jubilaeum 2008"]
[Site "Roskilde"]
[Date "2008.10.12"]
[Round "2"]
[White "Hestehauge, Klaus"]
[Black "Bromann, Thorbjrn"]
[Result "0-1"]
[WhiteElo "1889"]
[BlackElo "2416"]
[PlyCount "48"]
[EventDate "2008.??.??"]


1. d4 d5 2. Nf3 Nc6 3. Bf4 Bg4 4. e3 e6 5. Nbd2 Bd6 6. Bg3 Nge7 7. Be2 Nf5 8.
Bxd6 Nxd6 9. c3 O-O 10. Ne5 Bxe2 11. Qxe2 Nxe5 12. dxe5 Nf5 13. O-O-O Ne7 14.
f4 c5 15. g4 Qa5 16. Kb1 b5 17. f5 Nc6 18. Nf3 Qa4 19. fxe6 Qe4+ 20. Ka1 fxe6
21. Rhf1 b4 22. Nd2 Qxe5 23. c4 Nd4 24. Qd3 Qxe3 0-1

[Event "Roskilde 100 aars Jubilaeum 2008"]
[Site "Roskilde"]
[Date "2008.10.12"]
[Round "2"]
[White "Meldal, Peter"]
[Black "Petrovski, Petruli"]
[Result "0-1"]
[WhiteElo "1236"]
[BlackElo "1645"]
[PlyCount "61"]
[EventDate "2008.??.??"]


1. e4 c5 2. Nf3 d6 3. d4 cxd4 4. Nxd4 Nf6 5. Nc3 a6 6. Bg5 e6 7. Be2 Be7 8. O-O
h6 9. Be3 e5 10. Nb3 Be6 11. f4 Qc7 12. fxe5 dxe5 13. Nd2 Nbd7 14. Qe1 b5 15.
a3 Rc8 16. Nf3 Ng4 17. Bd2 Qb6+ 18. Kh1 Bc5 19. h3 Nf2+ 20. Kh2 Qa7 21. b4 Bb6
22. a4 Rxc3 23. Bxc3 bxa4 24. Rxa4 Nxe4 25. Rxa6 Qb7 26. Nxe5 Bc7 27. g3 Nxe5
28. Qa1 Nxc3 29. Qxc3 O-O 30. Re1 Qe4 31. Bd1 0-1

[Event "Roskilde 100 aars Jubilaeum 2008"]
[Site "Roskilde"]
[Date "2008.10.12"]
[Round "2"]
[White "Wadtland, Flemming"]
[Black "Sorensen, Lindved"]
[Result "0-1"]
[WhiteElo "1137"]
[BlackElo "1592"]
[PlyCount "34"]
[EventDate "2008.??.??"]


1. f4 e5 2. fxe5 d6 3. exd6 Bxd6 4. Nf3 Bg4 5. g3 Nc6 6. e3 Qf6 7. Bg2 h5 8.
Rf1 h4 9. Nxh4 Qxf1+ 10. Kxf1 Bxd1 11. c3 Bc2 12. d4 f6 13. Bxc6+ bxc6 14. b4
g5 15. Nf3 Nh6 16. Nbd2 Ng4 17. Nc4 Bd3+ 0-1

[Event "Roskilde 100 aars Jubilaeum 2008"]
[Site "Roskilde"]
[Date "2008.10.12"]
[Round "2"]
[White "Jensen, Soren2"]
[Black "Hansen, Lars Henrik Bech"]
[Result "0-1"]
[WhiteElo "1603"]
[BlackElo "1988"]
[PlyCount "90"]
[EventDate "2008.??.??"]


1. c4 Nf6 2. g3 g6 3. Bg2 Bg7 4. Nc3 O-O 5. Nf3 d6 6. O-O c6 7. d3 Qa5 8. Bd2
Qh5 9. Bg5 Bh3 10. Bxf6 Bxf6 11. Ne4 Bg7 12. Bxh3 Qxh3 13. Qb3 Qd7 14. Rfd1 c5
15. d4 cxd4 16. Nxd4 Nc6 17. e3 Bxd4 18. exd4 Qf5 19. Nc3 Qg4 20. Nd5 Kg7 21.
Qxb7 Nxd4 22. Qxe7 Ne2+ 23. Kg2 Rae8 24. Qf6+ Kh6 25. Qh4+ Qxh4 26. gxh4 Re4
27. Kf3 Rfe8 28. Rd2 Nd4+ 29. Kg3 Rg4+ 30. Kh3 Ree4 31. Nf6 Rxh4+ 32. Kg2 Ref4
33. Rdd1 Ne6 34. Nd5 Rfg4+ 35. Kf3 Nd4+ 36. Rxd4 Rxd4 37. Re1 Rxc4 38. Re7 Rh5
39. Ne3 Ra4 40. a3 f5 41. Rd7 Rxh2 42. Rxd6 Kg5 43. Rd7 Rf4+ 44. Ke2 Rfxf2+ 45.
Kd1 Rh1+ 0-1

[Event "Roskilde 100 aars Jubilaeum 2008"]
[Site "Roskilde"]
[Date "2008.10.12"]
[Round "2"]
[White "Rasmussen, Henning"]
[Black "Schandorff, Lars"]
[Result "0-1"]
[WhiteElo "1918"]
[BlackElo "2520"]
[PlyCount "100"]
[EventDate "2008.??.??"]


1. d4 d5 2. c4 c6 3. cxd5 cxd5 4. Nc3 Nf6 5. Nf3 Nc6 6. Bf4 a6 7. e3 Bg4 8. Be2
e6 9. O-O Be7 10. Ne5 Bxe2 11. Qxe2 Nd7 12. Nxd7 Qxd7 13. Rac1 O-O 14. Nb1 f6
15. Rfd1 e5 16. dxe5 fxe5 17. Bg3 d4 18. exd4 exd4 19. Qc4+ Kh8 20. Nc3 Bg5 21.
Rb1 Qf5 22. Ne2 Rad8 23. Qd3 Qe6 24. a3 Rfe8 25. Nf4 Bxf4 26. Bxf4 h6 27. Bg3
Qd5 28. Re1 Re6 29. Rxe6 Qxe6 30. Kf1 Re8 31. b4 Qa2 32. Re1 Rxe1+ 33. Kxe1 Qd5
34. f3 Qa2 35. Kf1 Kg8 36. f4 Qd5 37. Kf2 Kf7 38. Kf1 b5 39. Bf2 Qe6 40. Qe2
Qf5 41. Qf3 Qb1+ 42. Be1 Ne7 43. g4 Qc2 44. Kg1 Qc1 45. Kf1 d3 46. Qf2 Qxa3 47.
Qf3 Qc1 48. Qf2 Qc4 49. Bd2 Qe4 50. Kg1 Nc6 0-1

[Event "Roskilde 100 aars Jubilaeum 2008"]
[Site "Roskilde"]
[Date "2008.10.12"]
[Round "2"]
[White "Jensen, Jan Kargaard"]
[Black "Seirup, Simon"]
[Result "1-0"]
[WhiteElo "1624"]
[BlackElo "1226"]
[PlyCount "93"]
[EventDate "2008.??.??"]


1. d4 d5 2. Bf4 Nc6 3. Nf3 Bf5 4. c3 e6 5. Nbd2 Bd6 6. Bxd6 Qxd6 7. e3 a6 8.
Be2 Nf6 9. O-O O-O 10. c4 Rfe8 11. a3 Na7 12. Rc1 c6 13. b4 Red8 14. Ne5 b5 15.
cxd5 cxd5 16. Nb3 Rdc8 17. Nc5 Rc7 18. f3 Nc8 19. Bd3 Bxd3 20. Qxd3 Nb6 21. f4
Nfd7 22. Nexd7 Nxd7 23. Nxd7 Qxd7 24. Rc5 Rxc5 25. dxc5 Qc6 26. Qc3 Re8 27. Qe5
f6 28. Qc3 Rf8 29. Rd1 Re8 30. Qd4 Rd8 31. e4 Kf7 32. f5 e5 33. exd5 exd4 34.
dxc6 Rc8 35. Rxd4 Rxc6 36. Rd7+ Kf8 37. Kf2 Kg8 38. Ke3 Rc8 39. Rd6 Ra8 40. Kd4
a5 41. c6 Kf7 42. Kc5 axb4 43. axb4 Rb8 44. Rd7+ Ke8 45. Rxg7 Rc8 46. Rg8+ Kf7
47. Rxc8 1-0

[Event "Roskilde 100 aars Jubilaeum 2008"]
[Site "Roskilde"]
[Date "2008.10.12"]
[Round "2"]
[White "Madsen, Poul Henrik"]
[Black "Marshall, Michael"]
[Result "1-0"]
[WhiteElo "2039"]
[BlackElo "1765"]
[PlyCount "62"]
[EventDate "2008.??.??"]


1. e4 c6 2. d3 d5 3. Nd2 e5 4. g3 Nf6 5. Bg2 Bg4 6. f3 Be6 7. Qe2 dxe4 8. fxe4
Bc5 9. Nb3 Bb6 10. Nf3 Nbd7 11. Bg5 Qc7 12. c3 O-O 13. Nh4 Rfe8 14. Rf1 c5 15.
Nd2 h6 16. Be3 Rad8 17. c4 Ba5 18. O-O-O Ng4 19. Bg1 Bxd2+ 20. Rxd2 Rf8 21. Nf5
Ngf6 22. Be3 Bxf5 23. Rxf5 Qd6 24. g4 Rfe8 25. g5 hxg5 26. Rxg5 Re7 27. Bh3 Nf8
28. Bf2 b6 29. Bg3 Ne8 30. Bf5 Ne6 31. Rh5 Rb7 1-0

[Event "Roskilde 100 aars Jubilaeum 2008"]
[Site "Roskilde"]
[Date "2008.10.12"]
[Round "2"]
[White "Hein, Jacob"]
[Black "Larsen, Finn (1950)"]
[Result "1-0"]
[WhiteElo "1456"]
[BlackElo "1757"]
[PlyCount "109"]
[EventDate "2008.??.??"]


1. e4 e5 2. Bc4 Nf6 3. Nc3 Bc5 4. Nf3 Nc6 5. O-O O-O 6. a3 d6 7. Na4 Nxe4 8. d3
Nf6 9. Nxc5 dxc5 10. Bg5 Qd6 11. Qd2 Bg4 12. Qe3 Rfe8 13. Nd2 Nd4 14. Ne4 Nxe4
15. Qxe4 Bf5 16. Qxb7 Qg6 17. Be7 Qb6 18. Qd5 Be6 19. Qxc5 Qxb2 20. Bxe6 Nxe6
21. Qc6 Qd4 22. Rab1 h6 23. Rb4 Qxb4 24. Bxb4 Rab8 25. Re1 f6 26. Qc4 Kh8 27.
h3 c5 28. Bxc5 Rbc8 29. d4 Nxd4 30. Qa4 Ne6 31. Bxa7 Ra8 32. Qd7 Kg8 33. Re3
Rad8 34. Qc6 Rc8 35. Qa4 Nf4 36. Kh2 Ra8 37. Qc4+ Kh8 38. Qc6 Rac8 39. Qd7 Red8
40. Qf5 Rf8 41. Rb3 Rcd8 42. Be3 Nd5 43. Bxh6 Ne7 44. Bxg7+ Kxg7 45. Rb7 Rf7
46. Qg4+ Kf8 47. Qe6 Rd2 48. Rb8+ Kg7 49. Qb6 Nf5 50. Qb4 Rd4 51. Qb3 Rd2 52.
Qa4 Rd4 53. Qe8 Kg6 54. Rb7 Nh6 55. Rxf7 1-0